000 00444cam a2200169ua 4500
001 6051
008 131106n ii |||gr||||Z||||||asm
040 _cMAIN
082 _a954
100 _aKalita,Ramesh,
_eAuthor.
245 _aTattwa Tathya Itihas aru Bitarka
_cby Ramesh Kalita
260 _aGuwahati:
_bAshok Book Stall,
_c2008.
300 _a219p.
653 _aSouth Asia India
653 _aTattwa Tathya Itihas aru Bitarka
942 _cBK
999 _c5204
_d5204